<?xml version="1.0" encoding="UTF-8"?>
<record
    xmlns:xsi="http://www.w3.org/2001/XMLSchema-instance"
    xsi:schemaLocation="http://www.loc.gov/MARC21/slim http://www.loc.gov/standards/marcxml/schema/MARC21slim.xsd"
    xmlns="http://www.loc.gov/MARC21/slim">

  <leader>01000nam a2200253 i 4500</leader>
  <controlfield tag="001">C00039286c</controlfield>
  <controlfield tag="005">20241029145145.0</controlfield>
  <controlfield tag="008">000531s1998    sp a                spa d</controlfield>
  <datafield tag="020" ind1=" " ind2=" ">
    <subfield code="a">84-7820-406-7</subfield>
  </datafield>
  <datafield tag="080" ind1=" " ind2=" ">
    <subfield code="a">929 Goya, Francisco de</subfield>
  </datafield>
  <datafield tag="080" ind1=" " ind2=" ">
    <subfield code="a">726.54(460.224 Calatayud) S.Juan el Real</subfield>
  </datafield>
  <datafield tag="100" ind1="1" ind2=" ">
    <subfield code="a">Rubio Mart&#xED;nez, Mariano.</subfield>
    <subfield code="9">5040</subfield>
  </datafield>
  <datafield tag="245" ind1="1" ind2="0">
    <subfield code="a">Goya en sus veinte a&#xF1;os </subfield>
    <subfield code="b">: Consideraciones en torno a las pechinas de Calatayud / </subfield>
    <subfield code="c">Mariano Rubio Mart&#xED;nez.</subfield>
  </datafield>
  <datafield tag="260" ind1=" " ind2=" ">
    <subfield code="a">Calatayud : </subfield>
    <subfield code="b">Centro de estudios Bilbilitanos de la Instituci&#xF3;n "Fernando el Cat&#xF3;lico", </subfield>
    <subfield code="c">1998.</subfield>
  </datafield>
  <datafield tag="300" ind1=" " ind2=" ">
    <subfield code="a">39 p., [6] p. de l&#xE1;m. : </subfield>
    <subfield code="b">il. ; </subfield>
    <subfield code="c">30 cm.</subfield>
  </datafield>
  <datafield tag="500" ind1=" " ind2=" ">
    <subfield code="a">Bibliograf&#xED;a.</subfield>
  </datafield>
  <datafield tag="600" ind1="1" ind2="4">
    <subfield code="a">Goya, Francisco de (</subfield>
    <subfield code="d">1746-1828)-</subfield>
    <subfield code="v">Biograf&#xED;as.</subfield>
    <subfield code="9">87786</subfield>
  </datafield>
  <datafield tag="610" ind1="2" ind2="0">
    <subfield code="a">Iglesia de San Juan el Real de Calatayud (</subfield>
    <subfield code="c">Zaragoza, Espa&#xF1;a)</subfield>
    <subfield code="9">26071</subfield>
  </datafield>
  <datafield tag="651" ind1=" " ind2="4">
    <subfield code="a">Calatayud (Zaragoza, Espa&#xF1;a)</subfield>
    <subfield code="9">5086</subfield>
  </datafield>
  <datafield tag="710" ind1="2" ind2=" ">
    <subfield code="a">Instituci&#xF3;n "Fernando el Cat&#xF3;lico"</subfield>
    <subfield code="9">5055</subfield>
  </datafield>
  <datafield tag="852" ind1="4" ind2="2">
    <subfield code="j">F-10498</subfield>
  </datafield>
  <datafield tag="952" ind1=" " ind2=" ">
    <subfield code="0">0</subfield>
    <subfield code="1">0</subfield>
    <subfield code="4">0</subfield>
    <subfield code="7">0</subfield>
    <subfield code="8">NOR</subfield>
    <subfield code="a">RABASF</subfield>
    <subfield code="b">RABASF</subfield>
    <subfield code="c">DP1</subfield>
    <subfield code="d">2000-05-31</subfield>
    <subfield code="e">C</subfield>
    <subfield code="l">0</subfield>
    <subfield code="o">F-10498</subfield>
    <subfield code="p">1041569</subfield>
    <subfield code="r">2024-10-15 09:31:51</subfield>
    <subfield code="w">2024-10-15</subfield>
    <subfield code="y">FONDOMODER</subfield>
  </datafield>
  <datafield tag="999" ind1=" " ind2=" ">
    <subfield code="c">38403</subfield>
    <subfield code="d">38403</subfield>
  </datafield>
</record>
